000 00723cam a22002413a 4500
001 15893
003 PGUSA
005 20140828083335.0
008 050524s2005||||xxu|||||s|||||000 | eng d
040 _aPGUSA
_beng
042 _adc
050 4 _aPR
100 1 _aOppenheim, E. Phillips
_q(Edward Phillips),
_d1866-1946
245 1 4 _aThe Lighted Way
_h[electronic resource] /
_cE. Phillips Oppenheim
260 _bProject Gutenberg,
_c2005
506 _aPublic domain in the USA.
516 _aElectronic text
653 _aDetective and mystery stories
700 1 _aWenzell, A. B.
_q(Albert Beck),
_d1864-1917
830 0 _aProject Gutenberg
_v15893
856 4 0 _uhttp://www.gutenberg.org/ebooks/15893
942 _cEB
999 _c245148
_d245148